000 00365nam a2200145Ia 4500
008 230917s9999||||xx |||||||||||||| ||und||
040 _e151379
_aMAIN
041 _aEnglish
082 _a942 G959B
100 _aGupta, Parthsarthi
245 0 _aBritain ka itihas
260 _aDelhi
_bHindi Madhyam Karyanvaya Nideshalaya
_c1985
300 _a388p p.
942 _cBK
999 _c60323
_d60323